| 000 | 01771cam a22004334i 4500 | ||
|---|---|---|---|
| 003 | PE-LiUPU | ||
| 005 | 20250731173252.0 | ||
| 008 | 150625s1987 r 000 0 eng d | ||
| 035 | _a(Sirsi) a35612 | ||
| 040 |
_aPE-LiUPU _bspa _cPE-LiUPU _erda |
||
| 082 | 0 | 4 |
_a251 _bH71 _221 |
| 100 |
_aHolmes, C. Raymond, _d1929- , _eautor. |
||
| 245 | 0 | 4 |
_aThe last Word : _ban eschatological theology of preaching / _cC. Raymond Holmes. |
| 264 | 1 |
_aMichigan : _bAndrews University Press, _c1987. |
|
| 300 |
_a111 páginas : _bilustraciones ; _c23 centímetros. |
||
| 336 |
_atext _2rdacontent |
||
| 337 |
_aunmediated _2rdamedia |
||
| 338 |
_avolume _2rdacarrier |
||
| 505 | 0 | _aThe crisis gospel -- The given message -- The god who speaks -- the called man -- the preaching process -- The continuity of the preaching process -- The attributes of end-time praching -- The listener and the preacher -- The need to listen. | |
| 526 | _aSEG42 | ||
| 526 | _aSEG41 | ||
| 526 | _aSEG40 | ||
| 526 | _aSEG39 | ||
| 526 | _aP94 | ||
| 526 | _aP87 | ||
| 526 | _aP86 | ||
| 526 | _aP85 | ||
| 526 | _aP77 | ||
| 526 | _aP76 | ||
| 526 | _aP35 | ||
| 910 | _a | ||
| 942 |
_2ddc _cBOOK |
||
| 949 |
_a251 H71 _wDEWEY _c1 _i38040 _lCCODEBUL1 _mBUL _p00.00 _r0 _sY _tBOOK _u2015-06-25 _xBIBLIOTECA _zUNKNOWN _0COMPRA _o.STAFF. Colección General |
||
| 596 | _a1 | ||
| 999 |
_a251 H71 _wDEWEY _c43596 _i38040 _f2019-12-10 _g4 _lDISCARD _mBUL _r0 _sY _tBOOK _u2015-6-25 _xTEOLOGIA _zUNKNOWN _0COMPRA _o.STAFF. Colección General _d43596 |
||
| 999 |
_a251 H71 _wDEWEY _c2 _i75931 _f2021-11-10 _g4 _lCCODEBUL1 _mBUL _p5.00 _r0 _sY _tBOOK _u2017-5-10 _xTEOLOGIA _PP85 _0DONACION |
||
| 980 |
_81 _gALBERTO SANCHEZ Responsable de Automatización |
||